000 00355nam a2200133Ia 4500
001 IA_
002 INTRODUCCION A LA MECANICA DE FLUIDOS
008 220117s xx 000 0 und d
010 _a179752
700 _aMcDonald, Alan T., coaut.
_9148151
700 _aNagore Cázares, Gabriel
_9148152
942 _c627 F69 1995
999 _c179752
_d179752